Southville International School and Colleges
Your cart is empty.
  • Cart
  • Lists
    Public lists Eva Luna New books Lux_list list_1
    Your lists Log in to create your own lists
  • Log in to your account
  • Your cookies
  • Search history
Southville International School and Colleges
  • Advanced search
  • Recent comments
  • Most popular
  • Libraries

Log in to your account

Log in with GOOGLE


If you do not have an external account, but do have a local account, you can still log in:

  1. Home
  2. MARC view: Tips on and traps in training /
Normal view MARC view ISBD view

Tips on and traps in training / (Record no. 21327)

[ view plain ]
MARC details
000 -LEADER
fixed length control field 00566nam a2200193 a 4500
005 - DATE AND TIME OF LATEST TRANSACTION
control field 20140310183318.0
008 - FIXED-LENGTH DATA ELEMENTS--GENERAL INFORMATION
fixed length control field 060104s19uu xx 00 eng d
020 ## - INTERNATIONAL STANDARD BOOK NUMBER
International Standard Book Number 97193266093
050 ## - LIBRARY OF CONGRESS CALL NUMBER
Classification number HD 1375
Item number .M433 2005
100 ## - MAIN ENTRY--PERSONAL NAME
Personal name Matias, Nick Alfonso
245 ## - TITLE STATEMENT
Title Tips on and traps in training /
Statement of responsibility, etc Nick Alfonso Matias.
260 ## - PUBLICATION, DISTRIBUTION, ETC. (IMPRINT)
Place of publication, distribution, etc Pasig City, Philippines :
Name of publisher, distributor, etc Mattisons Publishing House,
Date of publication, distribution, etc 2005.
300 ## - PHYSICAL DESCRIPTION
Extent 90 p. :
Other physical details ill. ;
Dimensions 21 cm.
521 ## - TARGET AUDIENCE NOTE
Target audience note
650 ## - SUBJECT ADDED ENTRY--TOPICAL TERM
Topical term or geographic name as entry element Training.
650 ## - SUBJECT ADDED ENTRY--TOPICAL TERM
Topical term or geographic name as entry element Training and development.
942 ## - ADDED ENTRY ELEMENTS (KOHA)
Koha item type Books
Source of classification or shelving scheme Library of Congress Classification
Call number prefix Local
Holdings
Withdrawn status Lost status Source of classification or shelving scheme Damaged status Home library Current library Shelving location Date acquired Total Checkouts Full call number Barcode Date last seen Copy number Price effective from Koha item type
    Library of Congress Classification   College Library College Library General Circulation Section 01/04/2006   HD 1375 .M433 2005 C6606 05/15/2018 1 10/10/2013 Books

Tips on and traps in training /

APA

Matias N. A., . (2005). Tips on and traps in training. Pasig City, Philippines: Mattisons Publishing House.

Chicago

Matias Nick Alfonso, . 2005. Tips on and traps in training. Pasig City, Philippines: Mattisons Publishing House.

Harvard

Matias N. A., . (2005). Tips on and traps in training. Pasig City, Philippines: Mattisons Publishing House.

MLA

Matias Nick Alfonso, . Tips on and traps in training. Pasig City, Philippines: Mattisons Publishing House. 2005.

  • Place hold
  • Print
  • Cite
  • Add to your cart (remove)
  • Save record
    BIBTEX Dublin Core MARCXML MARC (non-Unicode/MARC-8) MARC (Unicode/UTF-8) MARC (Unicode/UTF-8, Standard) MODS (XML) RIS
  • More searches
    Search for this title in:
    Other Libraries (WorldCat) Other Databases (Google Scholar) Online Stores (Bookfinder.com) Open Library (openlibrary.org)

Exporting to Dublin Core...

SOUTHVILLE LIBRARY

Southville International School and Colleges Library

1281 Tropical Ave. Cor. Luxembourg St., BF Homes International, Las Pinas City

Tel. No. 8256374 / 252358 Loc. 117/146

Powered by Koha